Solar System Quiz - Statistics

General Stats
  • This quiz has been taken 13 times
  • The average score is 33 of 176
Answer Stats
Hint Answer % Correct
Planet Earth
90%
Moon Luna
90%
Planet Saturn
90%
Star Sun
90%
Planet Venus
90%
Planet Jupiter
80%
Planet Mercury
80%
Planet Neptune
80%
Moon Titan
80%
Moon Deimos
70%
Moon Io
70%
Planet Mars
70%
Moon Phobos
70%
Planet Uranus
70%
Asteroid 1 Ceres
60%
Asteroid 52 Europa
60%
Moon Callisto
60%
Moon Europa
60%
Moon Ganymede
60%
Plutino Pluto
60%
SDO Eris
50%
Cubewano Makemake
50%
Asteroid 4 Vesta
40%
Moon Ariel
40%
Moon Charon
40%
Moon Enceladus
40%
Cubewano Haumea
40%
Moon Miranda
40%
Moon Oberon
40%
Moon Rhea
40%
Moon Titania
40%
Moon Triton
40%
Comet 1P/Halley
30%
Moon Dione
30%
Moon Metis
30%
Moon Mimas
30%
Cubewano Quaoar
30%
Detatched Sedna
30%
Moon Umbriel
30%
Moon Adrastea
20%
Moon Dysnomia
20%
Moon Ferdinand
20%
SDO Gonggong
20%
Moon Hi'iaka
20%
Moon Hydra
20%
Moon Hyperion
20%
Moon Iapetus
20%
Moon Namaka
20%
Plutino Orcus
20%
Moon Phoebe
20%
Moon Proteus
20%
Asteroid 10 Hygiea
10%
Asteroid 13 Egeria
10%
Asteroid 15 Eunomia
10%
Asteroid 19 Fortuna
10%
Asteroid 24 Themis
10%
Asteroid 2 Pallas
10%
Asteroid 3 Juno
10%
Asteroid 48 Doris
10%
Asteroid 511 Davida
10%
Asteroid 532 Herculina
10%
Asteroid 704 Interamnia
10%
Asteroid 7 Iris
10%
Asteroid 87 Sylvia
10%
Moon Actaea
10%
Moon Albiorix
10%
Moon Amalthea
10%
Moon Ananke
10%
Moon Atlas
10%
Moon Belinda
10%
Moon Bianca
10%
Moon Caliban
10%
Moon Callirrhoe
10%
Moon Calypso
10%
Moon Carme
10%
Centaur Chiron
10%
Moon Cordelia
10%
Moon Cressida
10%
Moon Cupid
10%
Moon Desdemona
10%
Moon Despina
10%
Moon Elara
10%
Moon Epimetheus
10%
Moon Francisco
10%
Moon Galatea
10%
Moon Halimede
10%
Trojan Hektor
10%
Moon Himalia
10%
Moon Hippocamp
10%
Moon Ijiraq
10%
Moon Ilmarë
10%
Moon Janus
10%
Moon Juliet
10%
Moon Kiviuq
10%
Moon Laomedeia
10%
Moon Larissa
10%
Moon Leda
10%
Moon Lysithea
10%
Moon Mab
10%
Moon Margaret
10%
Moon Naiad
10%
Moon Nereid
10%
Moon Neso
10%
Moon Nix
10%
Moon Ophelia
10%
Moon Paaliaq
10%
Moon Pan
10%
Moon Pandora
10%
Moon Pasiphaë
10%
Moon Perdita
10%
Moon Portia
10%
Moon Prometheus
10%
Moon Prospero
10%
Moon Psamathe
10%
Moon Puck
10%
Moon Rosalind
10%
Moon S/2015 (136472) 1
10%
Cubewano Salacia
10%
Moon Sao
10%
Moon Setebos
10%
Moon Siarnaq
10%
Moon Sinope
10%
Moon Stephano
10%
Moon Styx
10%
Moon Sycorax
10%
Moon Tarvos
10%
Moon Telesto
10%
Moon Tethys
10%
Moon Thalassa
10%
Moon Thebe
10%
Moon Themisto
10%
Moon Trinculo
10%
Moon Vanth
10%
SDO Varda
10%
Moon Weywot
10%
Moon Xiangliu
10%
Moon Ymir
10%
Asteroid 107 Camilla
0%
Asteroid 130 Elektra
0%
Asteroid 16 Psyche
0%
Cubewano 2002 AW197
0%
Cubewano 2002 MS4
0%
Plutino 2003 AZ84
0%
SDO 2013 FY27
0%
Asteroid 29 Amphitrite
0%
Asteroid 31 Euphrosyne
0%
Asteroid 324 Bamberga
0%
Asteroid 451 Patientia
0%
Asteroid 65 Cybele
0%
Asteroid 69 Hesperia
0%
Asteroid 6 Hebe
0%
Asteroid 88 Thisbe
0%
Trojan Achilles
0%
Trojan Agamemnon
0%
Moon Alvadi
0%
Centaur Amycus
0%
Centaur Asbolus
0%
Centaur Bienor
0%
Moonlet Bleriot
0%
Centaur Ceto-Phorcys
0%
Centaur Chariklo
0%
Centaur Cyllarus
0%
Moonlet Earhart
0%
Centaur Echeclus
0%
Moon Eggther
0%
Moon Erriapus
0%
Moon Helene
0%
Centaur Hylonome
0%
Centaur Kae'paoka'awela
0%
Moon Kerberos
0%
Centaur Nessus
0%
Trojan Patroclus
0%
Centaur Pholus
0%
Moon S/2005 (208996) 1
0%
Moon S/2019 (532037) 1
0%
Moonlet Santos-Durmont
0%
No matching quizzes found
Score Distribution
Percent of People with Each Score
Percentile by Number Answered
Your Score History
You have not taken this quiz